Normal view
MARC view
Entry Personal Name
001 - CONTROL NUMBER
- control field: 29947
003 - CONTROL NUMBER IDENTIFIER
- control field: dpl
005 - DATE AND TIME OF LATEST TRANSACTION
- control field: 20110722150029.0
008 - FIXED-LENGTH DATA ELEMENTS
- fixed length control field: 110722|||a|||||| | ||| d
040 ## - CATALOGING SOURCE
- Original cataloging agency: dpl
- Transcribing agency: dpl
100 ## - HEADING--PERSONAL NAME
- Personal name: शिवानंद सरस्वती
670 ## - SOURCE DATA FOUND
- Source citation: Work cat.: (dpl)38791: शिवानंद सरस्वती, योग से रोग-निवारण /, 2010
670 ## - SOURCE DATA FOUND
- Source citation: Work cat.: (dpl)38791: शिवानंद सरस्वती, योग से रोग-निवारण /, 2010
